01398nam a2200409 i 450000100060000000300080000600500170001400600190003100700150005000800410006502000270010603500230013303500240015603500250018003500210020504000310022605000220025708000100027908200160028910000280030524501700033326400630050330000250056633600310059133700330062233800430065550000230069850400290072165000190075065000410076965000210081065000250083165100290085665100140088565500270089985600620092671200FlNmELB20241217143255.0m o d | cr cnu||||||||131229s1998 mx ob 001 0 spa d a9789688565483 (e book) a(MiAaPQ)EBC3216494 a(Au-PeEL)EBL3216494 a(CaPaEBR)ebr10804265 a(OCoLC)992077652 aFINmELBbspaerdacFINmELB 4aJZ1318bM467 1998 a339.90 a303.4822231 aMaya Ambía, Carlos J.10aMéxico en América.nVolumen I :bescenarios económico, financiero y político de la integración de México en la globalización /cCarlos J. Maya Ambía. 1aMéxico, D. F. :bPlaza y Valdés S. A. de C. V.,c1998. a1 recurso en línea atextobtxt2rdacontent/spa acomputadorabc2rdamedia/spa arecurso en líneabcr2rdacarrier/spa aContiene índice. aContiene bibliografía. 0aGlobalization. 0aRegional developmentzLatin America. 4aGlobalización. 4aDesarrollo regional. 0aMexicoxEconomic Policy. 4aMéxico. 4aLibros electrónicos.40uhttps://elibro.net/ereader/politecnicointernacional/73198